[Event "BUL-ch"]
[Site "Panagyurishte"]
[Date "2012.04.27"]
[Round "10"]
[White "Petkov, Vladimir"]
[Black "Radulski, Julian"]
[Result "1/2-1/2"]
[WhiteElo "2509"]
[BlackElo "2552"]
[PlyCount "60"]
[EventDate "2012.04.18"]
[EventType "tourn"]
[EventRounds "11"]
[EventCountry "BUL"]
[EventCategory "11"]
[SourceTitle "CBM 148 Extra"]
[Source "ChessBase"]
[SourceDate "2012.06.22"]
[SourceVersion "1"]
[SourceVersionDate "2012.06.22"]
[SourceQuality "1"]

1. d4 d5 2. c4 e6 3. Nc3 Nf6 4. Bg5 Be7 5. cxd5 exd5 6. e3 c6 7. Nf3 Bf5 8. Bd3 Bxd3 9. Qxd3 Nbd7 10. 0-0 0-0 11. Rab1 Re8 12. Nd2 Ne4 13. Bxe7 Qxe7 14. Rbc1 Nxd2 15. Qxd2 Rad8 16. Na4 Nf6 17. Nc5 Ne4 18. Nxe4 Qxe4 19. Qc2 a6 20. Qxe4 Rxe4 21. Rc3 Kf8 22. f3 Re6 23. Kf2 Ke7 24. Re1 f5 25. g3 Rh6 26. Kg2 Re6 27. Kf2 Rh6 28. Kg2 Re6 29. Kf2 Rh6 30. Kg2 Re6 1/2-1/2

[Event "BUL-ch"]
[Site "Panagyurishte"]
[Date "2012.04.24"]
[Round "7"]
[White "Radulski, Julian"]
[Black "Milchev, Nikolay"]
[Result "1/2-1/2"]
[WhiteElo "2552"]
[BlackElo "2421"]
[PlyCount "91"]
[EventDate "2012.04.18"]
[EventType "tourn"]
[EventRounds "11"]
[EventCountry "BUL"]
[EventCategory "11"]
[SourceTitle "CBM 148 Extra"]
[Source "ChessBase"]
[SourceDate "2012.06.22"]
[SourceVersion "1"]
[SourceVersionDate "2012.06.22"]
[SourceQuality "1"]

1. e4 d6 2. f4 g6 3. Nf3 Bg7 4. d4 Nf6 5. e5 Nd5 6. c4 Nb6 7. Nc3 dxe5 8. Nxe5 0-0 9. Be3 Nc6 10. Be2 Nxe5 11. fxe5 c5 12. dxc5 Nd7 13. 0-0 Nxe5 14. Qb3 Bg4 15. Rad1 Qc8 16. Nd5 Re8 17. Qc2 Bxe2 18. Qxe2 Qg4 19. Qxg4 Nxg4 20. Bd4 Rac8 21. h3 Bxd4+ 22. Rxd4 Ne5 23. b4 f6 24. a3 Kf7 25. Rfd1 g5 26. Kf2 h5 27. Ke2 Rc6 28. Kd2 b6 29. Re4 bxc5 30. b5 Rd6 31. Kc3 Red8 32. Rf1 Ng6 33. a4 h4 34. a5 e5 35. Re2 Nf4 36. Rd2 Nxd5+ 37. cxd5 Rxd5 38. Rxd5 Rxd5 39. Kc4 Rd2 40. Rb1 Rc2+ 41. Kd3 Ra2 42. b6 axb6 43. axb6 Ra8 44. Kc4 Ke6 45. Kxc5 Rc8+ 46. Kb5 1/2-1/2

[Event "BUL-ch"]
[Site "Panagyurishte"]
[Date "2012.04.21"]
[Round "4"]
[White "Janev, Evgeni"]
[Black "Radulski, Julian"]
[Result "1/2-1/2"]
[WhiteElo "2484"]
[BlackElo "2552"]
[PlyCount "71"]
[EventDate "2012.04.18"]
[EventType "tourn"]
[EventRounds "11"]
[EventCountry "BUL"]
[EventCategory "11"]
[SourceTitle "CBM 148 Extra"]
[Source "ChessBase"]
[SourceDate "2012.06.22"]
[SourceVersion "1"]
[SourceVersionDate "2012.06.22"]
[SourceQuality "1"]

1. e4 e5 2. Nc3 Nf6 3. Nf3 Nc6 4. g3 d5 5. exd5 Nd4 6. Bg2 Bg4 7. h3 Nxf3+ 8. Bxf3 Bxf3 9. Qxf3 Bb4 10. 0-0 Bxc3 11. dxc3 Qxd5 12. Qxd5 Nxd5 13. Re1 f6 14. f4 0-0-0 15. fxe5 Rhe8 16. Bf4 Nxf4 17. gxf4 fxe5 18. Rxe5 Rxe5 19. fxe5 Re8 20. Re1 Kd7 21. Kf2 Ke6 22. Re4 Rd8 23. Rh4 h6 24. Rg4 Rf8+ 25. Ke3 Rf7 26. Ra4 a6 27. Rf4 Rd7 28. Rd4 Rf7 29. Rb4 b6 30. Ra4 a5 31. Rf4 Rd7 32. Rd4 Rf7 33. Rf4 Rd7 34. Rd4 Rf7 35. Rf4 Rd7 36. Rd4 1/2-1/2

[Event "BUL-ch"]
[Site "Panagyurishte"]
[Date "2012.04.18"]
[Round "1"]
[White "Marholev, Dimitar"]
[Black "Radulski, Julian"]
[Result "0-1"]
[WhiteElo "2383"]
[BlackElo "2552"]
[PlyCount "42"]
[EventDate "2012.04.18"]
[EventType "tourn"]
[EventRounds "11"]
[EventCountry "BUL"]
[EventCategory "11"]
[SourceTitle "CBM 148 Extra"]
[Source "ChessBase"]
[SourceDate "2012.06.22"]
[SourceVersion "1"]
[SourceVersionDate "2012.06.22"]
[SourceQuality "1"]

1. d4 d5 2. c4 e6 3. Nc3 Be7 4. Nf3 Nf6 5. g3 0-0 6. Bg2 dxc4 7. Ne5 Nc6 8. Bxc6 bxc6 9. Nxc6 Qe8 10. Nxe7+ Qxe7 11. Qa4 c5 12. Qa3 Qb7 13. d5 exd5 14. 0-0 d4 15. Bg5 Bh3 16. f3 Bxf1 17. Bxf6 dxc3 18. Qxc3 gxf6 19. Qxf6 Qb6 20. Qg5+ Qg6 21. Qxg6+ hxg6 0-1

[Event "EU-ch 13th"]
[Site "Plovdiv"]
[Date "2012.03.29"]
[Round "9"]
[White "Radulski, Julian"]
[Black "Mastrovasilis, Dimitrios"]
[Result "0-1"]
[WhiteElo "2552"]
[BlackElo "2631"]
[PlyCount "64"]
[EventDate "2012.03.20"]
[EventType "swiss"]
[EventRounds "11"]
[EventCountry "BUL"]
[SourceTitle "CBM 148"]
[Source "ChessBase"]
[SourceDate "2012.05.16"]
[SourceVersion "1"]
[SourceVersionDate "2012.05.16"]
[SourceQuality "1"]

1. e4 e5 2. Nf3 Nc6 3. Bb5 Nf6 4. d4 exd4 5. 0-0 a6 6. Ba4 Be7 7. Re1 b5 8. Bb3 d6 9. Bd5 Nxd5 10. exd5 Ne5 11. Nxd4 0-0 12. a4 Bg4 13. Qd2 Bd7 14. Nc3 Rb8 15. axb5 axb5 16. b3 Re8 17. Bb2 Bg5 18. f4 Bh6 19. g3 Ra8 20. Nd1 Rxa1 21. Bxa1 Ng4 22. Nc6 Qa8 23. Rxe8+ Qxe8 24. h3 Ne5 25. Bxe5 dxe5 26. Nf2 exf4 27. gxf4 g6 28. Ng4 Bg7 29. Nce5 Bf5 30. c4 h5 31. Ne3 Bxh3 32. Nf3 Qe4 0-1

[Event "EU-ch 13th"]
[Site "Plovdiv"]
[Date "2012.03.24"]
[Round "5"]
[White "Radulski, Julian"]
[Black "Cheparinov, Ivan"]
[Result "1/2-1/2"]
[WhiteElo "2552"]
[BlackElo "2664"]
[PlyCount "113"]
[EventDate "2012.03.20"]
[EventType "swiss"]
[EventRounds "11"]
[EventCountry "BUL"]
[SourceTitle "CBM 148"]
[Source "ChessBase"]
[SourceDate "2012.05.16"]
[SourceVersion "1"]
[SourceVersionDate "2012.05.16"]
[SourceQuality "1"]

1. e4 c5 2. Nf3 d6 3. d4 cxd4 4. Nxd4 Nf6 5. Nc3 a6 6. Bg5 Nbd7 7. Qe2 h6 8. Bh4 g6 9. 0-0-0 e5 10. Nb3 Be7 11. Qe1 b5 12. a3 Bb7 13. f3 Qc7 14. Kb1 Rc8 15. Bd3 Nb6 16. Rd2 g5 17. Bf2 Nc4 18. Bxc4 bxc4 19. Nc1 Bc6 20. N1a2 a5 21. Ka1 Qb7 22. Qe3 Rb8 23. Rb1 Kf8 24. Qe2 Rc8 25. g4 h5 26. h3 hxg4 27. hxg4 Rh2 28. Qe1 Rh3 29. Qe2 Rb8 30. Be3 d5 31. Qf1 Rh8 32. exd5 Nxd5 33. Nxd5 Bxd5 34. Nc3 Bxf3 35. Qxc4 Rh1 36. Na4 Rxb1+ 37. Kxb1 Kg7 38. Nb6 Rd8 39. Rxd8 Bxd8 40. Qc3 Qe4 41. Nc4 Bxg4 42. Qxe5+ Qxe5 43. Nxe5 Be6 44. Nc6 Bf6 45. Nxa5 g4 46. b4 Bc3 47. Nc6 Bd5 48. b5 Kf6 49. a4 Ke6 50. Nd4+ Ke5 51. Ne2 Ba5 52. Nf4 Bb7 53. Nd3+ Ke4 54. Bg1 Kd5 55. Kb2 Kc4 56. Ne5+ Kb4 57. Nxf7 1/2-1/2

[Event "Cappelle op 28th"]
[Site "Cappelle la Grande"]
[Date "2012.03.06"]
[Round "5"]
[White "De Verdier, Michael Carl Adam"]
[Black "Radulski, Julian"]
[Result "0-1"]
[WhiteElo "2366"]
[BlackElo "2552"]
[PlyCount "64"]
[EventDate "2012.03.03"]
[EventType "swiss"]
[EventRounds "9"]
[EventCountry "FRA"]
[SourceTitle "CBM 147 Extra"]
[Source "ChessBase"]
[SourceDate "2012.04.24"]
[SourceVersion "1"]
[SourceVersionDate "2012.04.24"]
[SourceQuality "1"]

1. Nf3 d5 2. d4 e6 3. c4 Nf6 4. Nc3 Be7 5. Bf4 0-0 6. e3 c5 7. dxc5 Bxc5 8. Qc2 Nc6 9. a3 Re8 10. 0-0-0 h6 11. Bg3 Qa5 12. Nd2 Bf8 13. Nb5 Re7 14. Bc7 Rxc7 15. Nb3 Qb6 16. c5 Na5 17. cxb6 Nxb3+ 18. Kb1 Rxc2 19. Kxc2 a6 20. Nc7 Rb8 21. Kxb3 Bc5 22. Rc1 Bxb6 23. Bd3 Bd7 24. Rc2 Ng4 25. Rhc1 Ne5 26. Bxa6 bxa6 27. Nxa6 Ra8 28. Nc7 Ra7 29. Rc3 Nc4 30. Ka2 Bxc7 31. b3 Rxa3+ 32. Kb1 Be5 0-1

[Event "Podgorica Balkan GP final 3rd"]
[Site "Podgorica"]
[Date "2011.12.18"]
[Round "8"]
[White "Radulski, Julian"]
[Black "Ivanisevic, Ivan"]
[Result "1-0"]
[WhiteElo "2565"]
[BlackElo "2636"]
[PlyCount "83"]
[EventDate "2011.12.11"]
[EventType "tourn"]
[EventRounds "9"]
[EventCountry "MNE"]
[EventCategory "11"]
[SourceTitle "CBM 145 Extra"]
[Source "ChessBase"]
[SourceDate "2012.01.03"]
[SourceVersion "1"]
[SourceVersionDate "2012.01.03"]
[SourceQuality "1"]

1. e4 c5 2. Nf3 e6 3. Nc3 Nc6 4. d4 cxd4 5. Nxd4 Qc7 6. g3 a6 7. Bg2 h5 8. 0-0 h4 9. Re1 hxg3 10. hxg3 d6 11. Bg5 f6 12. Be3 g5 13. Nxc6 bxc6 14. e5 fxe5 15. Bxg5 d5 16. Qe2 Bd6 17. Rad1 Qg7 18. Ne4 Bc7 19. Rd3 a5 20. Bf3 Qh7 21. c4 Qh2+ 22. Kf1 Qh3+ 23. Bg2 Qh5 24. Qd2 Rh7 25. Bh4 Qg6 26. cxd5 exd5 27. Nc5 Ne7 28. Rde3 Rh5 29. Nd3 Ba6 30. Kg1 e4 31. Nc5 Rxh4 32. gxh4 Bb6 33. Rg3 Qf6 34. Nxa6 Rxa6 35. h5 a4 36. Bxe4 dxe4 37. Rxe4 Ra5 38. h6 Rf5 39. Rg8+ Kf7 40. Rg7+ Kf8 41. Rexe7 Qh4 42. Re8+ 1-0

[Event "Politiken Cup 33rd"]
[Site "Helsingor"]
[Date "2011.08.07"]
[Round "10"]
[White "Hansen, Sune Berg"]
[Black "Radulski, Julian"]
[Result "0-1"]
[WhiteElo "2574"]
[BlackElo "2556"]
[PlyCount "68"]
[EventDate "2011.07.30"]
[EventType "swiss"]
[EventRounds "10"]
[EventCountry "DEN"]
[SourceTitle "CBM 143 Extra"]
[Source "ChessBase"]
[SourceDate "2011.08.29"]
[SourceVersion "1"]
[SourceVersionDate "2011.08.29"]
[SourceQuality "1"]

1. c4 e6 2. Nf3 d5 3. g3 Nf6 4. Bg2 Be7 5. 0-0 0-0 6. b3 a5 7. Nc3 Nbd7 8. Bb2 Nb6 9. cxd5 exd5 10. a3 a4 11. b4 Nc4 12. Bc1 Ne4 13. Nb5 Bf6 14. Ra2 c6 15. Nbd4 Bg4 16. Rc2 Qb6 17. e3 Bxd4 18. exd4 Ng5 19. d3 Nxf3+ 20. Bxf3 Bxf3 21. Qxf3 Nd6 22. Bb2 Rfe8 23. Rcc1 Qd8 24. Qg4 Qe7 25. Rc2 Nb5 26. Kg2 Rad8 27. Rd2 Rd6 28. Qd1 Rh6 29. Qxa4 Qe6 30. f4 Nd6 31. Bc1 Nf5 32. Rdf2 Nxg3 33. hxg3 Qh3+ 34. Kf3 Rg6 0-1

[Event "Politiken Cup 33rd"]
[Site "Helsingor"]
[Date "2011.08.05"]
[Round "8"]
[White "Hammer, Jon Ludvig"]
[Black "Radulski, Julian"]
[Result "1-0"]
[WhiteElo "2610"]
[BlackElo "2556"]
[PlyCount "119"]
[EventDate "2011.07.30"]
[EventType "swiss"]
[EventRounds "10"]
[EventCountry "DEN"]
[SourceTitle "CBM 143 Extra"]
[Source "ChessBase"]
[SourceDate "2011.08.29"]
[SourceVersion "1"]
[SourceVersionDate "2011.08.29"]
[SourceQuality "1"]

1. e4 e5 2. Nf3 Nc6 3. Bb5 a6 4. Ba4 Nf6 5. 0-0 Be7 6. Re1 b5 7. Bb3 d6 8. c3 0-0 9. h3 Na5 10. Bc2 c5 11. d4 Qc7 12. Nbd2 cxd4 13. cxd4 Bb7 14. d5 Bc8 15. Re3 Nb7 16. Rc3 Qb8 17. b4 a5 18. Ba3 Bd8 19. Bd3 Bd7 20. Qf1 axb4 21. Bxb4 Ba5 22. a3 Rc8 23. Rxc8+ Qxc8 24. Bxb5 Bxb5 25. Qxb5 Bxb4 26. Qxb4 Nc5 27. a4 Rb8 28. Qc3 Nfxe4 29. Nxe4 Nxe4 30. Qc6 Qb7 31. a5 Qb2 32. Rf1 Qa2 33. a6 g6 34. Kh2 Rb2 35. Nxe5 dxe5 36. Qe8+ Kg7 37. Qxe5+ Nf6 38. a7 Re2 39. a8Q Qxa8 40. Qxe2 Qxd5 41. Qb2 h5 42. Re1 Qd6+ 43. Kg1 Qd5 44. Re3 Qd1+ 45. Kh2 Qd6+ 46. g3 Kg8 47. Qe5 Qxe5 48. Rxe5 Kg7 49. Kg2 Nh7 50. Rb5 Nf6 51. Kf3 Ne8 52. Kf4 Nc7 53. Rb7 Ne8 54. Ke5 Nf6 55. f4 Nh7 56. f5 g5 57. Rb6 Nf8 58. f6+ Kg6 59. Rd6 h4 60. g4 1-0

[Event "Politiken Cup 33rd"]
[Site "Helsingor"]
[Date "2011.07.30"]
[Round "1"]
[White "Radulski, Julian"]
[Black "Bjorneboe, Kristian"]
[Result "1-0"]
[WhiteElo "2556"]
[BlackElo "1941"]
[PlyCount "55"]
[EventDate "2011.07.30"]
[EventType "swiss"]
[EventRounds "10"]
[EventCountry "DEN"]
[SourceTitle "CBM 143 Extra"]
[Source "ChessBase"]
[SourceDate "2011.08.29"]
[SourceVersion "1"]
[SourceVersionDate "2011.08.29"]
[SourceQuality "1"]

1. e4 c6 2. d4 d5 3. e5 Bf5 4. c4 e6 5. Nc3 Nd7 6. Nf3 Ne7 7. h3 dxc4 8. Bxc4 Nd5 9. 0-0 Be7 10. Qe2 N7b6 11. Bb3 Nxc3 12. bxc3 0-0 13. c4 h6 14. Rd1 Qc7 15. Bb2 a5 16. Rac1 a4 17. Bc2 Bxc2 18. Rxc2 Qb8 19. Rb1 Qa7 20. Bc1 Qa6 21. Be3 Nd7 22. d5 Rab8 23. dxe6 fxe6 24. Nd4 Nxe5 25. Nxe6 Rf7 26. Bf4 Nd7 27. Rd1 Rbf8 28. Rxd7 1-0

[Event "Dieren op"]
[Site "Dieren"]
[Date "2011.07.23"]
[Round "5"]
[White "Radulski, Julian"]
[Black "Van der Poel, Henk"]
[Result "1-0"]
[WhiteElo "2556"]
[BlackElo "2292"]
[PlyCount "59"]
[EventDate "2011.07.19"]
[EventType "swiss"]
[EventRounds "9"]
[EventCountry "NED"]
[SourceTitle "CBM 143 Extra"]
[Source "ChessBase"]
[SourceDate "2011.08.29"]
[SourceVersion "1"]
[SourceVersionDate "2011.08.29"]
[SourceQuality "1"]

1. e4 c5 2. Nc3 Nc6 3. Bb5 Nd4 4. Bc4 e6 5. Nge2 a6 6. d3 b5 7. Bb3 Nxb3 8. axb3 Bb7 9. 0-0 d6 10. f4 Nf6 11. f5 Be7 12. Bg5 Qd7 13. Ng3 h5 14. Qf3 0-0-0 15. Bh4 Ng4 16. Bxe7 Qxe7 17. h3 Ne5 18. Qf2 Qg5 19. Nge2 Rh6 20. d4 cxd4 21. Qxd4 Rf6 22. Qb6 Nd7 23. Qf2 Nc5 24. Nd4 b4 25. e5 dxe5 26. Nf3 Qxf5 27. Qxc5+ Kb8 28. Nxe5 Qxc2 29. Nc6+ Bxc6 30. Qb6+ 1-0

[Event "South Wales op 8th"]
[Site "Penarth"]
[Date "2011.07.11"]
[Round "5"]
[White "Pleasants, Allan J"]
[Black "Radulski, Julian"]
[Result "0-1"]
[WhiteElo "2092"]
[BlackElo "2556"]
[PlyCount "78"]
[EventDate "2011.07.09"]
[EventType "swiss"]
[EventRounds "9"]
[EventCountry "WLS"]
[SourceTitle "CBM 143 Extra"]
[Source "ChessBase"]
[SourceDate "2011.08.29"]
[SourceVersion "1"]
[SourceVersionDate "2011.08.29"]
[SourceQuality "1"]

1. Nf3 d5 2. c4 e6 3. d4 Be7 4. Nc3 Nf6 5. Bg5 0-0 6. e3 Nbd7 7. Bd3 h6 8. Bh4 dxc4 9. Bxc4 a6 10. a3 b5 11. Ba2 Bb7 12. 0-0 c5 13. Rc1 Rc8 14. Qe2 Ne4 15. Bxe7 Qxe7 16. Nxe4 Bxe4 17. Nd2 Bb7 18. Bb1 cxd4 19. Qd3 Nf6 20. Rxc8 Rxc8 21. Qxd4 Rd8 22. Qc3 Qd6 23. Nf3 Ne4 24. Qc2 Rc8 25. Qe2 Bd5 26. Rd1 Qc5 27. Nd4 g6 28. h4 Qe7 29. Qg4 h5 30. Qh3 Qf6 31. f3 Nd6 32. e4 Bb7 33. Qg3 Nc4 34. b3 Ne3 35. e5 Qd8 36. Bxg6 Nxd1 37. Nxe6 fxe6 38. Bf5+ Kh8 39. Qg6 Qd4+ 0-1

[Event "South Wales op 8th"]
[Site "Penarth"]
[Date "2011.07.10"]
[Round "3"]
[White "Schmitz, Manuela"]
[Black "Radulski, Julian"]
[Result "0-1"]
[WhiteElo "2023"]
[BlackElo "2556"]
[PlyCount "68"]
[EventDate "2011.07.09"]
[EventType "swiss"]
[EventRounds "9"]
[EventCountry "WLS"]
[SourceTitle "CBM 143 Extra"]
[Source "ChessBase"]
[SourceDate "2011.08.29"]
[SourceVersion "1"]
[SourceVersionDate "2011.08.29"]
[SourceQuality "1"]

1. d4 d5 2. Nf3 e6 3. c4 Be7 4. Nc3 Nf6 5. Bg5 0-0 6. e3 Nbd7 7. Rc1 h6 8. Bh4 b6 9. cxd5 exd5 10. Bd3 Bb7 11. 0-0 c5 12. Qe2 c4 13. Bf5 a6 14. Rfd1 b5 15. a3 g6 16. Bb1 Ne4 17. Bxe7 Qxe7 18. Nxe4 dxe4 19. Nd2 Rfe8 20. a4 Rac8 21. Ba2 Nb6 22. axb5 axb5 23. Nb1 Nd5 24. Nc3 Nb4 25. b3 Nd3 26. Rc2 b4 27. Na4 c3 28. Qg4 h5 29. Qg3 Rc6 30. f4 exf3 31. Rxd3 Qe4 32. Nc5 Rxc5 33. dxc5 Qxd3 34. Qf2 Qd1+ 0-1

[Event "BUL-chT 61th"]
[Site "Albena"]
[Date "2011.06.06"]
[Round "5.1"]
[White "Radulski, Julian"]
[Black "Popov, Ilian"]
[Result "1-0"]
[WhiteElo "2571"]
[BlackElo "2215"]
[PlyCount "45"]
[EventDate "2011.06.02"]
[EventType "team-tourn"]
[EventRounds "7"]
[EventCountry "BUL"]
[SourceTitle "CBM 142 Extra"]
[Source "ChessBase"]
[SourceDate "2011.06.27"]
[SourceVersion "1"]
[SourceVersionDate "2011.06.27"]
[SourceQuality "1"]
[WhiteTeam "Plovdiv Lokomotiv 2000"]
[BlackTeam "Sofia CSKA"]
[WhiteTeamCountry "BUL"]
[BlackTeamCountry "BUL"]

1. e4 c5 2. Nf3 d6 3. d4 cxd4 4. Nxd4 Nf6 5. Nc3 g6 6. Be2 Bg7 7. Be3 Nc6 8. f4 0-0 9. a3 Bd7 10. 0-0 Qc8 11. h3 Rd8 12. Qd2 b6 13. Rad1 Na5 14. e5 dxe5 15. fxe5 Nh5 16. Nd5 Re8 17. Bxh5 Nc4 18. Qf2 gxh5 19. Qxf7+ Kh8 20. e6 Nxe3 21. exd7 Qxd7 22. Ne6 Bh6 23. Nf6 1-0

[Event "BUL-chT 61th"]
[Site "Albena"]
[Date "2011.06.03"]
[Round "2.3"]
[White "Mladenov, Plamen"]
[Black "Radulski, Julian"]
[Result "0-1"]
[WhiteElo "2376"]
[BlackElo "2571"]
[PlyCount "104"]
[EventDate "2011.06.02"]
[EventType "team-tourn"]
[EventRounds "7"]
[EventCountry "BUL"]
[SourceTitle "CBM 142 Extra"]
[Source "ChessBase"]
[SourceDate "2011.06.27"]
[SourceVersion "1"]
[SourceVersionDate "2011.06.27"]
[SourceQuality "1"]
[WhiteTeam "Pleven Spartak XXI"]
[BlackTeam "Plovdiv Lokomotiv 2000"]
[WhiteTeamCountry "BUL"]
[BlackTeamCountry "BUL"]

1. Nf3 d5 2. g3 Nf6 3. Bg2 e6 4. 0-0 Be7 5. d3 c5 6. Nbd2 Nc6 7. e4 b6 8. Re1 Bb7 9. e5 Nd7 10. c4 d4 11. Ne4 h6 12. h4 Qc7 13. Bf4 0-0-0 14. Nd6+ Bxd6 15. exd6 Qb8 16. a3 e5 17. Nxe5 Ncxe5 18. Bxe5 f6 19. Bf4 g5 20. Bc1 Bxg2 21. Kxg2 Rhe8 22. Qf3 Qxd6 23. Qa8+ Nb8 24. Bd2 Qc6+ 25. Qxc6+ Nxc6 26. hxg5 hxg5 27. f4 g4 28. b4 Kd7 29. b5 Ne7 30. a4 Nf5 31. Kf2 Rxe1 32. Rxe1 Rh8 33. Rg1 Rh2+ 34. Rg2 Rh1 35. a5 bxa5 36. Bxa5 Ne3 37. Rg1 Nd1+ 38. Rxd1 Rxd1 39. Ke2 Ra1 40. Bd2 f5 41. Kf2 Kc7 42. Ke2 Kb6 43. Kf2 a5 44. bxa6 Kxa6 45. Ke2 Rh1 46. Be1 Rh2+ 47. Kd1 Rg2 48. Kc1 Re2 49. Bd2 Rf2 50. Be1 Rf3 51. Kc2 Kb6 52. Kd2 Ka5 0-1

[Event "ITA-chT 43rd"]
[Site "Spoleto"]
[Date "2011.05.01"]
[Round "7"]
[White "Salvador, Roland"]
[Black "Radulski, Julian"]
[Result "1/2-1/2"]
[WhiteElo "2532"]
[BlackElo "2586"]
[PlyCount "62"]
[EventDate "2011.04.28"]
[EventType "team"]
[EventRounds "7"]
[EventCountry "ITA"]
[SourceTitle "EXT 2012"]
[Source "ChessBase"]
[SourceDate "2011.11.24"]
[SourceVersion "1"]
[SourceVersionDate "2011.11.24"]
[SourceQuality "1"]
[WhiteTeam "Torveca"]
[BlackTeam "ASD Scacchi Latina"]
[WhiteTeamCountry "ITA"]
[BlackTeamCountry "ITA"]

1. d4 d5 2. c4 e6 3. Nc3 Nf6 4. cxd5 exd5 5. Bg5 Be7 6. e3 0-0 7. Bd3 Nbd7 8. Nge2 c6 9. 0-0 Re8 10. Qc2 Nf8 11. Rad1 g6 12. Nf4 a6 13. f3 Nh5 14. Bh6 Ng7 15. Qf2 Bh4 16. g3 Bf6 17. Bb1 Nfe6 18. Nxe6 Nxe6 19. h4 b5 20. Kg2 Ra7 21. e4 Bg7 22. Be3 Rd7 23. exd5 cxd5 24. h5 Rde7 25. a3 Bf6 26. hxg6 fxg6 27. Ba2 Bb7 28. Rfe1 Qd7 29. Qd2 Kh8 30. Re2 Ng7 31. Rde1 Nf5 1/2-1/2

[Event "ITA-chT 43rd"]
[Site "Spoleto"]
[Date "2011.04.29"]
[Round "4"]
[White "Caruana, Fabiano"]
[Black "Radulski, Julian"]
[Result "1-0"]
[WhiteElo "2716"]
[BlackElo "2586"]
[PlyCount "79"]
[EventDate "2011.04.28"]
[EventType "team"]
[EventRounds "7"]
[EventCountry "ITA"]
[SourceTitle "EXT 2012"]
[Source "ChessBase"]
[SourceDate "2011.11.24"]
[SourceVersion "1"]
[SourceVersionDate "2011.11.24"]
[SourceQuality "1"]
[WhiteTeam "Oiettivo Risarcimento"]
[BlackTeam "ASD Scacchi Latina"]
[WhiteTeamCountry "ITA"]
[BlackTeamCountry "ITA"]

1. d4 d5 2. c4 e6 3. Nf3 Nf6 4. g3 Be7 5. Bg2 0-0 6. 0-0 Nc6 7. Qc2 Ne4 8. Nc3 f5 9. Bf4 g5 10. Be3 Bf6 11. Rad1 Kh8 12. Ne5 Ne7 13. f4 gxf4 14. Bxf4 Ng6 15. Nxg6+ hxg6 16. cxd5 exd5 17. Nxe4 dxe4 18. Bxc7 Qd5 19. Qd2 Kg7 20. g4 Be6 21. g5 Be7 22. Qf4 Kg8 23. Be5 Rf7 24. b3 a5 25. Rc1 a4 26. h4 axb3 27. axb3 Rh7 28. Rc7 Re8 29. Rb1 Bd7 30. Bf1 Bd8 31. e3 Qxe5 32. Bc4+ Kh8 33. dxe5 Bxc7 34. Qf2 Bxe5 35. Be2 Ra8 36. Rd1 Bc6 37. h5 Be8 38. Rd5 Bc3 39. Qf4 Re7 40. Qd6 1-0